Mies van der Rohe (Record no. 140242)

MARC details
000 -LEADER
campo de control de longitud fija 00768nam a2200241 i 4500
001 - NÚMERO DE CONTROL
campo de control 140242
003 - IDENTIFICADOR DE NÚMERO DE CONTROL
campo de control ES-MaACL
005 - FECHA Y HORA DE LA ÚLTIMA TRANSACCIÓN
campo de control 20230906200035.0
007 - CAMPO FIJO DE DESCRIPCIÓN FÍSICA--INFORMACIÓN GENERAL
campo de control de longitud fija t|
008 - DATOS DE LONGITUD FIJA--INFORMACIÓN GENERAL
campo de control de longitud fija 070214s1986 sp r ||||1| spa d
020 ## - NÚMERO INTERNACIONAL ESTÁNDAR DEL LIBRO
Número Internacional Estándar del Libro 84-7214-368-6
100 1# - ENTRADA PRINCIPAL--NOMBRE DE PERSONA
Nombre de persona Schulze, Franz.
9 (RLIN) 104797
245 10 - MENCIÓN DEL TÍTULO
Título Mies van der Rohe
Resto del título : una biografía crítica /
Mención de responsabilidad, etc. Franz Schulze ; traducción de Jorge Sainz Avia.
250 ## - MENCION DE EDICION
Mención de edición 1ª. ed.
260 ## - PUBLICACIÓN, DISTRIBUCIÓN, ETC.
Lugar de publicación, distribución, etc. Madrid :
Nombre del editor, distribuidor, etc. Hermann Blume,
Fecha de publicación, distribución, etc. 1986.
300 ## - DESCRIPCIÓN FÍSICA
Extensión XXIII, 359 p. :
Otras características físicas il. ;
Dimensiones 26 cm.
490 1# - MENCIÓN DE SERIE
Mención de serie Maestros de la arquitectura
600 04 - PUNTO DE ACCESO ADICIONAL DE MATERIA--NOMBRE DE PERSONA
Nombre de persona Mies van der Rohe, Ludwig.
9 (RLIN) 80975
700 1# - ENTRADA AGREGADA--NOMBRE PERSONAL
Nombre de persona Sáinz Avia, Jorge.
9 (RLIN) 101576
830 0# - PUNTO DE ACCESO ADICIONAL DE SERIE-TÍTULO UNIFORME
Título uniforme Maestros de la arquitectura
9 (RLIN) 187170
852 ## - LOCALIZACIÓN
Ubicación ES-MaACL
Número de control de estantería G-1686
Sublocalización o colección R.114361
Holdings
Estatus retirado Estado de pérdida Estado de daño No para préstamo Biblioteca de origen Biblioteca actual Ubicación en estantería Fecha de adquisición Fuente de adquisición Total de préstamos Signatura topográfica completa Código de barras Visto por última vez Precio de reemplazo Tipo de ítem Koha
        Biblioteca del Ateneo de Madrid Biblioteca del Ateneo de Madrid Depósito 2 17/01/2008     G-1686 1145941 23/02/2023 23/02/2023 Libro impreso